Mistrzowie Niemiec - piłka nożna - Statystyki

Ogólne statystyki
  • Ten quiz został rozwiązany 1 638 razy
  • Średni wynik to 8 z 29
Statystyki odpowiedzi
Tytuły Zwycięzca % Poprawnych
33 Bayern Monachium
100%
8 Borussia Dortmund
94%
7 Schalke 04 Gelsenkirchen
60%
1 VfL Wolfsburg
51%
6 Hamburger SV
50%
4 Werder Brema
48%
5 VfB Stuttgart
44%
3 FC Koln
43%
2 Hertha Berlin
41%
1 Eintracht Frankfurt
40%
5 Borussia Monchengladbach
36%
3 VfB Lipsk
36%
2 Hannover 96
23%
1 Freiburger FC
19%
9 FC Nurnberg
18%
1 TSV Monachium
16%
1 Fortuna Dusseldorf
10%
4 FC Kaiserslautern
8%
1 Holstein Kiel
7%
1 Eintracht Brunszwik
5%
1 Rapid Wiedeń
3%
1 Rot-Weiss Essen
2%
2 Viktoria Berlin
2%
3 Greuther Furth
1%
1 Karlsruher FV
1%
1 Karlsruher SC
1%
1 Blau-Weiss Berlin
0%
2 Dresdner FC
0%
1 VfR Mannheim
0%
Nie znaleziono quizów pasujących do podanych kryteriów
Rozkład punktacji
Procent ludzi z każdym wynikiem
Percentyl według liczby udzielonych odpowiedzi
Twoja historia wyników
Nie rozwiązałeś tego quizu